000 00546nam a2200217Ia 4500
003 0100
008 130303s9999 xx 000 0 und d
020 _a0070167206
040 _cARRUPELIB
050 _aBL51.D48 1974
100 _aDiamond, Malcolm L
245 _aContemporary philosophy and religious thought
245 _ban introduction to the philosophy of religion
260 _aNew York
260 _bMcGraw-Hill Book Co.
260 _C1974
300 _axiii
300 _b 450p. 24cm.
650 _aRELIGION
942 0 0 _01
999 _c30076
_d30076